<?xml version="1.0" encoding="UTF-8"?>
<collection xmlns="http://www.loc.gov/MARC21/slim">
 <record>
  <leader>03208nam a2200385 a 4500</leader>
  <controlfield tag="001">1/55114</controlfield>
  <controlfield tag="008">220322s2021    gr            00110 eng  </controlfield>
  <datafield tag="020" ind1=" " ind2=" ">
   <subfield code="a">9789925588619</subfield>
  </datafield>
  <datafield tag="040" ind1=" " ind2=" ">
   <subfield code="a">GR-PeUP</subfield>
  </datafield>
  <datafield tag="082" ind1="0" ind2="0">
   <subfield code="a">428.240711 ΑΓΓ</subfield>
  </datafield>
  <datafield tag="245" ind1="0" ind2="0">
   <subfield code="a">Αγγλικά των επιστημών :</subfield>
   <subfield code="b">επιχειρησιακές σπουδές 1-business update 1, επιχειρησιακές σπουδές 2-business update 2, μεθοδολογία συγγραφής επιστημονικών εργασιών-extended writting and research skills /</subfield>
   <subfield code="c">Joanne Collie ... [κ.ά.] ; μετάφραση-επιμέλεια-γλωσσάριο Βασιλική Ι. Καπράλου ... [κ.ά.].</subfield>
  </datafield>
  <datafield tag="260" ind1="0" ind2=" ">
   <subfield code="a">Nicosia, Cyprus :</subfield>
   <subfield code="b">Broken Hill Publishers,</subfield>
   <subfield code="c">2021.</subfield>
  </datafield>
  <datafield tag="300" ind1=" " ind2=" ">
   <subfield code="a">587 σ. :</subfield>
   <subfield code="b">εικ. ;</subfield>
   <subfield code="c">29 εκ.</subfield>
  </datafield>
  <datafield tag="500" ind1=" " ind2=" ">
   <subfield code="a">Περιλαμβάνει γλωσσάριο.</subfield>
  </datafield>
  <datafield tag="500" ind1=" " ind2=" ">
   <subfield code="a">Υποστηρικτικό υλικό είναι διαθέσιμο σε ηλεκτρονική διεύθυνση.</subfield>
  </datafield>
  <datafield tag="500" ind1=" " ind2=" ">
   <subfield code="a">Άλλοι συγγραφείς: Joan McCormack, Hans Mol, John Slaght.</subfield>
  </datafield>
  <datafield tag="500" ind1=" " ind2=" ">
   <subfield code="a">Άλλοι μεταφραστές-επιμελητές: Ευθυμία Μ. Τσαρούχα, Βασιλική Θ. Γκελή, Σουμέλα Ε. Χατζηαντωνίου.</subfield>
  </datafield>
  <datafield tag="500" ind1=" " ind2=" ">
   <subfield code="a">Το εξώφυλλο, η σελίδα τίτλου, η εισαγωγή για τον καθηγητή και το γλωσσάριο του βιβλίου είναι στην ελληνική γλώσσα. Το περιεχόμενο του βιβλίου είναι στην αγγλική γλώσσα.</subfield>
  </datafield>
  <datafield tag="500" ind1=" " ind2=" ">
   <subfield code="a">Μετάφραση των: Business update 1 / by Hans Mol and Joanne Collie -- Business update 2 / by Hans Mol and Joanne Collie -- English for academic study, extended writting &amp; research skills / by Joan McCormack and John Slaght.</subfield>
  </datafield>
  <datafield tag="550" ind1=" " ind2=" ">
   <subfield code="a">Περιεχόμενα: Μέρος Ι. Επιχειρησιακές σπουδές 1 - Business update 1 -- Μέρος ΙΙ. Επιχειρησιακές σπουδές 2 - Business update 2 --Μέρος ΙΙΙ. Μεθοδολογία συγγραφής επιστημονικών εργασιών - Extended writting and research skills.</subfield>
  </datafield>
  <datafield tag="650" ind1=" " ind2="0">
   <subfield code="a">English language</subfield>
   <subfield code="x">Study and teaching (Higher)</subfield>
   <subfield code="x">Foreign speakers.</subfield>
  </datafield>
  <datafield tag="650" ind1=" " ind2="0">
   <subfield code="a">English language</subfield>
   <subfield code="x">Business English</subfield>
   <subfield code="x">Study and teaching.</subfield>
  </datafield>
  <datafield tag="650" ind1=" " ind2="4">
   <subfield code="a">Αγγλική γλώσσα</subfield>
   <subfield code="x">Μελέτη και διδασκαλία</subfield>
   <subfield code="x">Ξενόγλωσσοι.</subfield>
  </datafield>
  <datafield tag="650" ind1=" " ind2="4">
   <subfield code="a">Αγγλική γλώσσα</subfield>
   <subfield code="x">Επιχειρησιακά Αγγλικά.</subfield>
   <subfield code="x">Μελέτη και διδασκαλία.</subfield>
  </datafield>
  <datafield tag="700" ind1="1" ind2=" ">
   <subfield code="a">Collie, Joanne.</subfield>
  </datafield>
  <datafield tag="700" ind1="1" ind2=" ">
   <subfield code="a">Mol, Hans.</subfield>
  </datafield>
  <datafield tag="700" ind1="1" ind2=" ">
   <subfield code="a">McCormack, Joan.</subfield>
  </datafield>
  <datafield tag="700" ind1="1" ind2=" ">
   <subfield code="a">Slaght, John.</subfield>
  </datafield>
  <datafield tag="700" ind1="1" ind2=" ">
   <subfield code="a">Καπράλου, Βασιλική Ι.</subfield>
  </datafield>
  <datafield tag="700" ind1="1" ind2=" ">
   <subfield code="a">Τσαρούχα, Ευθυμία Μ.</subfield>
  </datafield>
  <datafield tag="700" ind1="1" ind2=" ">
   <subfield code="a">Γκελή, Βασιλική Θ.</subfield>
  </datafield>
  <datafield tag="700" ind1="1" ind2=" ">
   <subfield code="a">Χατζηαντωνίου, Σουμέλα Ε.</subfield>
  </datafield>
  <datafield tag="852" ind1=" " ind2=" ">
   <subfield code="a">INST</subfield>
   <subfield code="b">UNIPILB</subfield>
   <subfield code="c">MAIN</subfield>
   <subfield code="e">20220322</subfield>
   <subfield code="h">428.240711 ΑΓΓ</subfield>
   <subfield code="p">00187410</subfield>
   <subfield code="q">00187410</subfield>
   <subfield code="t">LOAN</subfield>
   <subfield code="y">0</subfield>
   <subfield code="4">2</subfield>
  </datafield>
  <datafield tag="852" ind1=" " ind2=" ">
   <subfield code="a">INST</subfield>
   <subfield code="b">UNIPILB</subfield>
   <subfield code="c">MAIN</subfield>
   <subfield code="e">20220322</subfield>
   <subfield code="h">428.240711 ΑΓΓ</subfield>
   <subfield code="p">00187411</subfield>
   <subfield code="q">00187411</subfield>
   <subfield code="t">LOAN</subfield>
   <subfield code="y">0</subfield>
   <subfield code="4">1</subfield>
  </datafield>
  <datafield tag="856" ind1="7" ind2="8">
   <subfield code="2">http://www.brokenhill.com.cy/supporting-material/university-students/</subfield>
  </datafield>
 </record>
</collection>
